000 00303nam a22001337a 4500
008 180924b xxu||||| |||| 00| 0 eng d
020 _a9780131432703
041 _aeng
080 _a159.9
100 _a49
101 _aPSI
245 _aThe Psychology of Investing
_cNofsinger, J.R
942 _2udc
_cBK
999 _c48397
_d48397